000
00282nam a2200121Ia 4500
008
190722s9999 xx 000 0 und d
020
_a
978-93-325-4242-6
100
_a
Weir, Hass
245
0
_a
Thomas Calculus
260
_a
New Delhi
_b
Pearson Edu.
_c
2016
300
_a
988
942
_c
BK
999
_c
72
_d
72